| 000 | 01170nam a22003255i 4500 | ||
|---|---|---|---|
| 999 |
_c28721 _d28692 |
||
| 003 | EG-ScBUE | ||
| 005 | 20200915112824.0 | ||
| 008 | 200219t19961996caua f b 001 0 eng d | ||
| 020 | _a9780201445992 | ||
| 040 |
_aEG-ScBUE _beng _erda _cEG-ScBUE _dEG-ScBUE |
||
| 082 | 0 | 4 |
_a550 _bDIS _222 |
| 100 | 1 |
_aDispezio, Michael A., _eauthor. |
|
| 245 | 1 | 0 |
_aScience insights : _bexploring earth and space / _cMichael Dispezio, M. A., Science Consultant, North Falmouth, Massachusetts [and four other]. |
| 250 | _aNew edition. | ||
| 264 | 1 |
_aMenlo Park, California : _bAddison-Wesley Publishing Company, _c[1996] |
|
| 264 | 4 | _cc1996 | |
| 300 |
_axvii, 653 pages : _billustrations (color) ; _c28 cm |
||
| 336 |
_atext _btxt _2rdacontent |
||
| 337 |
_aunmediated _bn _2rdamedia |
||
| 338 |
_avolume _bnc _2rdacarrier |
||
| 504 | _aIncludes bibliographical references and index. | ||
| 650 | 7 |
_aSolar system. _2BUEsh |
|
| 650 | 7 |
_aEarth sciences. _2BUEsh |
|
| 653 |
_bENGGEN _cSeptember2020 |
||
| 700 | 1 |
_aLisowski, Marylin, _eauthor. |
|
| 700 | 1 |
_aSkoog, Gerald, _eauthor. |
|
| 700 | 1 |
_aLinner-Luebe, Marilym, _eauthor. |
|
| 700 | 1 |
_aSparks, Bobbie, _eauthor. |
|
| 942 |
_2ddc _cBB |
||